000 00445nab a2200145Ia 4500
003 ES-SlBCS
005 20210601131745.0
008 140529s1935 xxu||||| |||| 00| 0 fre d
041 _afre
100 1 _aResal, Paul
_9188639
245 0 0 _aLe symbole spirituel dans le théâtre de Claudel
_c Paul Resal
600 1 _aClaudel, Paul-Teatro
_9188640
773 0 _tVie Intelectuelle (La)
_gvol. 37, nº. 1, 1935, págs. 140-147
_wRev907
942 _cAR
999 _c568269
_d568269